[Event "Prva liga centralne Srbije 2013"]
[Site "Kragujevac"]
[Date "2013.09.20"]
[Round "9.6"]
[White "Djordjevic, Vuk"]
[Black "Ratkovic, Miloje"]
[Result "0-1"]
[WhiteElo "2123"]
[BlackElo "2261"]
[PlyCount "120"]
[EventDate "2013.09.14"]

1. e4 c5 2. Nc3 d6 3. f4 g6 4. Nf3 Bg7 5. Bc4 e6 6. O-O Ne7 7. Qe1 Nbc6 8. d3
Nd4 9. Nxd4 cxd4 10. Ne2 O-O 11. Bb3 a5 12. a4 d5 13. Qf2 dxe4 14. dxe4 Nc6 15.
Ng3 Qh4 16. f5 Be5 17. Bf4 Bxf4 18. Qxf4 Qxf4 19. Rxf4 Bd7 20. Raf1 Rac8 21.
fxg6 hxg6 22. Ne2 Kg7 23. g4 f6 24. R4f2 e5 25. h3 Nb4 26. c3 Nd3 27. Rf3 Nxb2
28. cxd4 Nxa4 29. dxe5 fxe5 30. Rf7+ Rxf7 31. Rxf7+ Kh8 32. Rxd7 Nc5 33. Re7
Nxb3 34. Rxb7 a4 35. Rb4 Rc2 36. Ng3 a3 37. Rxb3 a2 38. Ra3 Rc1+ 39. Kf2 a1=Q
40. Rxa1 Rxa1 41. g5 Ra3 42. Kg2 Kg7 43. h4 Kf7 44. Kh3 Rf3 45. Kg2 Rf4 46. Kh3
Ke6 47. h5 gxh5 48. g6 Rg4 49. Nxh5 Rxg6 50. Ng3 Kd6 51. Kg2 Kc5 52. Kf3 Kc4
53. Ne2 Kd3 54. Nc1+ Kc2 55. Ne2 Kd2 56. Ng3 Kd3 57. Nh5 Rg8 58. Ng3 Rxg3+ 59.
Kxg3 Kxe4 60. Kf2 Kd3 0-1